| 000 | 00827nam a2200205 a 4500 | ||
|---|---|---|---|
| 003 | 0 | ||
| 005 | 20250424074516.0 | ||
| 008 | 050808s19uu xx 00 eng d | ||
| 050 |
_aPHS SF 411 _b.F56 2005 |
||
| 100 | _aFlores, Raica Grace Y. | ||
| 245 |
_aA Comparative study on the perceptions of college students and professionals on the advantages and disadvantages of owning pets / _cRaica Grace Y. Flores. |
||
| 260 |
_aLas PiƱas City, Philippines : _bSouthville International School and Colleges, _c2005. |
||
| 300 |
_a33 pages : _billustrations ; _c28 cm. |
||
| 504 | _aIncludes bibliographical references. | ||
| 650 |
_aPet ownership _xSocial aspects. |
||
| 650 |
_2Library of Congress Subject Headings _aPets _xPsychological aspects. |
||
| 650 | _aHuman-animal relationships. | ||
| 942 |
_2lcc _cPASS |
||
| 999 |
_c97225 _d97225 |
||